Bandeiras antigas dos países 2 - Statistics

Estatísticas Gerais
  • Esse quiz foi jogado 38 vezes
  • A pontuação média é 3 de 12
Estatísticas das Respostas
Imagem Resposta % Correto
África do Sul
66%
Macedônia do Norte
57%
Irlanda
43%
Cuba
26%
Etiópia
26%
Mali
26%
Irã
23%
Paraguai
20%
Tailândia
14%
Chipre
9%
Armênia
6%
Liechtenstein
3%
Nenhum quiz correspondente encontrado
Distribuição das Pontuações
Porcentagem de Pessoas com Cada Pontuação
Percentil de Números Respondidos
Sua Pontuação Histórica
Você não jogou esse quiz